| 000 | 00888nam a2200253 i 4500 | ||
|---|---|---|---|
| 001 | 184786 | ||
| 003 | ES-MaACL | ||
| 005 | 20231118185515.0 | ||
| 008 | 151230s1966 sp b |||| | spa d | ||
| 080 | _a016:821.134.2 | ||
| 080 | _a016:821.134.2.09 | ||
| 100 | 1 |
_aSimón Díaz, José. _9106544 |
|
| 245 | 1 | 0 |
_aManual de bibliografía de la literatura española / _cJosé Simón Díaz. |
| 246 | 3 |
_aManual de bibliografía de la literatura española. _pAdiciones 1962-1964 |
|
| 250 | _a2ª ed., amp. con unas Adiciones 1962-1964. | ||
| 260 |
_aBarcelona : _bGustavo Gili, _c[1966] |
||
| 300 |
_aVII, 603 p., 100 p. ; _c23 cm. |
||
| 500 | _aÍndices. | ||
| 650 | 7 |
_aLiteratura española- _vBibliografías. _914554 |
|
| 852 | 4 |
_aES-MaACL _jA-13524 _9191801 _bR.63288 _cDEPO1 _dOlim: N-6524 |
|
| 852 | 4 |
_aES-MaACL _jC-32700 |
|
| 942 |
_2udc _cMONOGRAFIA |
||
| 999 |
_c184786 _d184786 |
||